<?xml version="1.0" encoding="UTF-8"?>
<collection xmlns="http://www.loc.gov/MARC21/slim">
 <record>
  <leader>01773nam a2200373   4500</leader>
  <controlfield tag="001">DLU120144815</controlfield>
  <controlfield tag="005">##20121217</controlfield>
  <datafield tag="040" ind1="#" ind2="#">
   <subfield code="a">DLU</subfield>
   <subfield code="b">vie</subfield>
  </datafield>
  <datafield tag="041" ind1="#" ind2="#">
   <subfield code="a">vie</subfield>
  </datafield>
  <datafield tag="044" ind1="#" ind2="#">
   <subfield code="a">vn</subfield>
  </datafield>
  <datafield tag="082" ind1="#" ind2="#">
   <subfield code="a">332</subfield>
   <subfield code="b">Gia</subfield>
  </datafield>
  <datafield tag="245" ind1="#" ind2="#">
   <subfield code="a">Giáo trình kinh tế tiền tệ ngân hàng /</subfield>
   <subfield code="c">Nguyễn Văn Tiến chủ biên, ... [et al].</subfield>
  </datafield>
  <datafield tag="260" ind1="#" ind2="#">
   <subfield code="a">H. :</subfield>
   <subfield code="b">Thống kê,</subfield>
   <subfield code="c">2010.</subfield>
  </datafield>
  <datafield tag="300" ind1="#" ind2="#">
   <subfield code="a">711 tr. ;</subfield>
   <subfield code="c">21 cm.</subfield>
  </datafield>
  <datafield tag="504" ind1="#" ind2="#">
   <subfield code="a">Tài liệu tham khảo: tr.711.</subfield>
  </datafield>
  <datafield tag="505" ind1="#" ind2="#">
   <subfield code="a">Chương 1. Đại cương về tiền tệ -- Chương 2. Thị trường tài chính -- Chương 3. Các trung gian tài chính -- Chương 4. Lãi suất và các phép đo lãi suất -- Chương 5. Nhân tố ảnh hưởng và cấu trúc lãi suất -- Chương 6. Cung cầu tiền tệ -- Chương 7. Tiền tệ và lạm phát -- Chương 8. Ngân hàng trung ương -- Chương 9. Chính sách tiền tệ -- Chương 10. Tài chính quốc tế -- Chương 11. Chính sách tiền tệ, tài khoá và tỷ giá -- Chương 12. Ngân hàng thương mại -- Chương 13. Vai trò của NHTM trong nền kinh tế -- Chương 14. Nguyên lý hoạt động của NHTM -- Chương 15. Tín dụng ngân hàng.</subfield>
  </datafield>
  <datafield tag="650" ind1="#" ind2="#">
   <subfield code="a">Ngân hàng và nghiệp vụ ngân hàng</subfield>
   <subfield code="v">Giáo trình.</subfield>
  </datafield>
  <datafield tag="650" ind1="#" ind2="#">
   <subfield code="a">Tiền tệ</subfield>
   <subfield code="v">Giáo trình.</subfield>
  </datafield>
  <datafield tag="700" ind1="#" ind2="#">
   <subfield code="a">Châu Đình Phương,</subfield>
   <subfield code="c">TS.</subfield>
  </datafield>
  <datafield tag="700" ind1="#" ind2="#">
   <subfield code="a">Mai Văn Bạn,</subfield>
   <subfield code="c">PGS.TS.</subfield>
  </datafield>
  <datafield tag="700" ind1="#" ind2="#">
   <subfield code="a">Nguyễn Thị Kim Thanh,</subfield>
   <subfield code="c">TS.</subfield>
  </datafield>
  <datafield tag="700" ind1="#" ind2="#">
   <subfield code="a">Nguyễn Văn Tiến,</subfield>
   <subfield code="c">PGS.TS.</subfield>
   <subfield code="e">chủ biên.</subfield>
  </datafield>
  <datafield tag="700" ind1="#" ind2="#">
   <subfield code="a">Phạm Hữu Hồng Thái,</subfield>
   <subfield code="c">TS.</subfield>
  </datafield>
  <datafield tag="923" ind1="#" ind2="#">
   <subfield code="a">08/2012</subfield>
  </datafield>
  <datafield tag="991" ind1="#" ind2="#">
   <subfield code="a">GT</subfield>
  </datafield>
  <datafield tag="992" ind1="#" ind2="#">
   <subfield code="a">86000</subfield>
  </datafield>
  <datafield tag="994" ind1="#" ind2="#">
   <subfield code="a">DLU</subfield>
  </datafield>
  <datafield tag="900" ind1="#" ind2="#">
   <subfield code="a">True</subfield>
  </datafield>
  <datafield tag="911" ind1="#" ind2="#">
   <subfield code="a">Đào Thị Thu Huyền</subfield>
  </datafield>
  <datafield tag="925" ind1="#" ind2="#">
   <subfield code="a">G</subfield>
  </datafield>
  <datafield tag="926" ind1="#" ind2="#">
   <subfield code="a">A</subfield>
  </datafield>
  <datafield tag="927" ind1="#" ind2="#">
   <subfield code="a">SH</subfield>
  </datafield>
  <datafield tag="980" ind1="#" ind2="#">
   <subfield code="a">Thư viện Trường Đại học Đà Lạt</subfield>
  </datafield>
 </record>
</collection>
